Statistiques concernant Mots de la langue française terminés par "bourg"

Cliquez ici pour prendre le quiz!

Statistiques générales

  • Ce quiz a été pris 142 fois
  • Le résultat moyen est 10 sur 16

Statistiques - réponses

IndiceMot% Correct
localité, communebourg
93%
ville de Russie : Saint ...Pétersbourg
90%
capitale de l'EcosseEdimbourg
89%
préfecture du Bas-RhinStrasbourg
85%
banlieue, périphériefaubourg
77%
deuxième ville allemandeHambourg
71%
centre PompidouBeaubourg
69%
Grand DuchéLuxembourg
68%
ville d'Afrique du SudJohannesbourg
65%
ville de la mancheCherbourg
59%
ville autrichienneSalzbourg
53%
ville suisse ou allemandeFribourg
49%
station balnéaire de la MancheCabourg
45%
état allemandBrandebourg
26%
commune d'Ille et VilaineCombourg
15%
ville de RussieEkaterinbourg
11%

Distribution des résultats

Percentile par nombre de réponses

% des personnes avec chaque résultat

Votre développement - résultats

Vous n’avez pas pris ce quiz